Días de una cámara
Salvato in:
| Autore principale: | |
|---|---|
| Natura: | Libro |
| Lingua: | spagnolo |
| Pubblicazione: |
Barcelona
Seix Barral
1982
|
| Soggetti: | |
| Tags: |
Aggiungi Tag
Nessun Tag, puoi essere il primo ad aggiungerne!!
|
MARC
| LEADER | 00000nam a2200000 a 4500 | ||
|---|---|---|---|
| 001 | UCV7545 | ||
| 003 | CL-VaPUC | ||
| 008 | 880902e19820000SP |||||||||||||||||spa|d | ||
| 082 | 0 | 4 | |a 778.5 |b ALM |2 21 |
| 100 | 0 | |a Almendros, Néstor |e author |9 301669 | |
| 245 | 1 | 0 | |a Días de una cámara |
| 300 | |a 326 p | ||
| 942 | |c BK | ||
| 945 | |d 19880902 00:00:00 | ||
| 260 | |a Barcelona |b Seix Barral |c 1982 | ||
| 650 | 7 | |a FOTOGRAFIA CINEMATOGRAFIA |2 CL-VaPUC |9 265051 | |
| 583 | |a last modification |c 19880902 00:00:00 |k Rodrigo Vera | ||
| 999 | |c 213202 |d 213200 | ||
| 952 | |0 0 |1 0 |4 0 |6 778_500000000000000_ALM_1982 |7 0 |8 A |9 195329 |a BIBARQ |b BIBARQ |d 2019-11-14 |i 2633973 |o 778.5 ALM 1982 |p 2633973 |r 2025-01-20 |w 2019-11-14 |y BK |k ARQ | ||
| 952 | |0 0 |1 0 |4 0 |6 778_500000000000000_ALM_1982 |7 0 |8 R |9 195330 |a BIBART |b BIBART |d 2019-11-14 |i 1206575 |o 778.5 ALM 1982 |p 1206575 |r 2025-03-13 |w 2019-11-14 |y BK_R |k ART | ||